Ecuaciones diferenciales aplicadas
Zapisane w:
| 1. autor: | |
|---|---|
| Format: | Książka |
| Język: | hiszpański |
| Wydane: |
Ciudad de México
Prentice Hall Hispanoamericana
1983
|
| Hasła przedmiotowe: | |
| Etykiety: |
Dodaj etykietę
Nie ma etykietki, Dołącz pierwszą etykiete!
|
MARC
| LEADER | 00000nam a2200000 a 4500 | ||
|---|---|---|---|
| 001 | UCP1703 | ||
| 003 | CL-VaPUC | ||
| 008 | 990426e19830000MX |||||||||||||||||spa|d | ||
| 082 | 0 | 4 | |a 515.35 |b SPI |2 21 |
| 100 | 0 | |a Spiegel, Murray R |e author |9 366 | |
| 245 | 1 | 0 | |a Ecuaciones diferenciales aplicadas |
| 300 | |a 668 p | ||
| 942 | |c BK | ||
| 945 | |d 19990426 00:00:00 |a rbrito | ||
| 260 | |a Ciudad de México |b Prentice Hall Hispanoamericana |c 1983 | ||
| 650 | 0 | |a Ecuaciones diferenciales |9 260083 | |
| 650 | 7 | |a TRANSFORMADAS DE LAPLACE |2 CL-VaPUC |9 407068 | |
| 650 | 7 | |a SERIES |2 CL-VaPUC |9 325542 | |
| 650 | 0 | |a Funciones |9 263869 | |
| 650 | 0 | |a Matrices |9 22 | |
| 650 | 0 | |a Series de Fourier |9 260465 | |
| 583 | |a last modification |c 19990426 00:00:00 |k Rodrigo Vera | ||
| 999 | |c 280358 |d 280356 | ||
| 952 | |0 0 |1 0 |4 0 |6 515_350000000000000_SPI_1983 |7 0 |8 A |9 320613 |a BIBMAT |b BIBMAT |d 2019-11-20 |i 3491978 |o 515.35 SPI 1983 |p 3491978 |r 2025-01-07 |w 2019-11-20 |y BK |k MAT | ||
| 952 | |0 0 |1 0 |4 0 |6 515_350000000000000_SPI_1983 |7 0 |8 A |9 320614 |a BIBMAT |b BIBMAT |d 2019-11-20 |i 3784576 |o 515.35 SPI 1983 |p 3784576 |r 2025-01-07 |w 2019-11-20 |y BK |k MAT | ||